| 000 | 00949nam a22002297a 4500 | ||
|---|---|---|---|
| 003 | BD-DhUL | ||
| 005 | 20190703124151.0 | ||
| 008 | 161018r19652018bg ||||| |||| 00| 0 ben d | ||
| 020 | _a9789844071216 | ||
| 040 |
_aBD-DhUL _cBD-DhUL |
||
| 082 |
_a891.4391 _bGAD |
||
| 100 | 1 | _aগালিব, মির্জা আসাদুল্লা খাঁ। | |
| 245 | 1 |
_aদীওয়ান-ই-গালিব / _cমীর্জা আসাদুল্লা খাঁ গালিব। |
|
| 260 |
_aঢাকা : _bঅনির্বাণ, _c১৯৬৫ (২০১৮)। |
||
| 300 |
_a১১২ পৃ. ; _c২২ সেমি.। |
||
| 365 |
_aBDT _b165.00 |
||
| 504 | _aগ্রন্থপঞ্জিগত তথ্য সংবলিত। | ||
| 650 | 4 | _aউর্দু কবিতা। | |
| 650 | 4 | _aUrdu poetry. | |
| 700 | 1 |
_aইউসুফ, মনিরউদ্দীন। _eঅনুবাদক |
|
| 942 |
_2ddc _cBK |
||
| 999 |
_c248593 _d248593 |
||